00814nam a2200313Ia 4500008004100000040001200041082000800053082001400061100001600075245003700091260001100128260001700139260000900156300000800165300000600173300000600179300001400185530001700199563000900216600001600225630003700241650001300278650002300291700001600314730003700330942000900367999002100376952010300397161109s9999||||xx |||||||||||||| ||und|| cPrakrit aX.A bBORI-5605 aH.C. Norman 4aThe Commentary on the Dhammapada aLondon bHenry Frowde c1909 a464 b1 cB eHardbound u00005605.pdf aText aH.C. Norman aThe Commentary on the Dhammapada aBuddhism aBuddhism & Jainism aH.C. Norman aThe Commentary on the Dhammapada cBOOK c1405878d1405875 00104070aBORIbBORId0000-00-00l0oBORI-5605pBORI-5605r2016-11-09 00:00:00w2016-11-09yBOOK